Sports Quiz

Random Sports or NFL Quiz

Multisports Top 5 Quiz Stats

 Plays Quiz not verified by Sporcle

Support Sporcle.
Go Orange.
Score 0/59 Timer 08:00
0 Plays Today
Stats - # position Name % Correct
Grand Slam titles (male) #1Roger Federer
78.6%
Grand Slam titles (male) #4Rafael Nadal
74.8%
Fifa World Cup Goals scored #1Ronaldo
72.8%
F-1 most wins #1Michael Schumacher
70.9%
Olympic Gold Medals #1Michael Phelps
67%
Grand Slam titles (male) #2Pete Sampras
62.1%
Nascar Sprint Cup titles #3Jimmie Johnson
62.1%
QB with most NFL 400-yard games #3Peyton Manning
60.2%
Boxing Heavyweight youngest champ #1Mike Tyson
58.3%
F-1 most wins #3Ayrton Senna
57.3%
Fifa World Cup Goals scored #2Miroslav Klose
48.5%
Boxing Heavyweight youngest champ #3Muhammad Ali
48.5%
F-1 most wins #2Alain Prost
44.7%
QB with most NFL 400-yard games #1Dan Marino
44.7%
Grand Slam titles (male) #4Bjorn Borg
42.7%
UFC most title defenses #1Anderson Silva
42.7%
UFC most title defenses #5Jon Jones
41.7%
Fifa World Cup Goals scored #3Gerd Muller
39.8%
QB with most NFL 400-yard games #2Drew Brees
39.8%
NBA most assists in a single game #3John Stockton
38.8%
Nascar Sprint Cup titles #4Jeff Gordon
34%
F-1 most wins #5Fernando Alonso
33%
QB with most NFL 400-yard games #4Joe Montana
32%
Indy 500 most laps lead #3Mario Andretti
29.1%
Nascar Sprint Cup titles #5Tony Stewart
28.2%
Boxing Heavyweight youngest champ #4George Foreman
27.2%
Nascar Sprint Cup titles #2Dale Earnhardt
27.2%
Olympic Gold Medals #5Carl Lewis
26.2%
F-1 most wins #4Nigel Mansell
25.2%
Fifa World Cup Goals scored #4Just Fontaine
25.2%
Stats - # position Name % Correct
Nascar Sprint Cup titles #1Richard Petty
25.2%
Nascar Sprint Cup titles #5Lee Petty
25.2%
UFC most title defenses #2Georges St-Pierre
24.3%
Olympic Gold Medals #4Mark Spitz
24.3%
Grand Slam titles (male) #4Rod Laver
24.3%
Indy 500 most laps lead #4AJ Foyt
18.4%
NBA most assists in a single game #3Guy Rodgers
17.5%
Indy 500 most laps lead #1Al Unser
16.5%
Boxing Heavyweight youngest champ #5Joe Louis
16.5%
UFC most title defenses #3Matt Hughes
13.6%
UFC most title defenses #5Chuck Liddell
13.6%
UFC most title defenses #4Tito Ortiz
12.6%
NBA most assists in a single game #1Scott Skiles
12.6%
Fifa World Cup Goals scored #5Pelé
11.7%
Nascar Sprint Cup titles #5Darrell Waltrip
11.7%
Grand Slam titles (male) #3Roy Emerson
10.7%
Nascar Sprint Cup titles #5Cale Yarborough
9.7%
UFC most title defenses #5Frank Shamrock
8.7%
QB with most NFL 400-yard games #4Dan Fouts
8.7%
Nascar Sprint Cup titles #5David Pearson
8.7%
QB with most NFL 400-yard games #4Warren Moon
7.8%
NBA most assists in a single game #3Bob Cousy
5.8%
UFC most title defenses #5Pat Miletich
4.9%
NBA most assists in a single game #2Kevin Porter
2.9%
Boxing Heavyweight youngest champ #2Floyd Paterson
2.9%
Olympic Gold Medals #3 Paavo Nurmi
1.9%
Olympic Gold Medals #2Larysa Latynina
1%
Indy 500 most laps lead #2Ralph de Palma
0%
Indy 500 most laps lead #5Wilbur Shaw
0%

You're not logged in!

Compare scores with friends on all Sporcle quizzes.
OR
Log In

From the Vault

Find Five 'T' Things

by eyes355

Here's a hint: all the answers start with 'T.'
Remove Ads.
Support Sporcle.
Get the best of Sporcle when you Go Orange. This ad-free experience offers more features, more stats, and more fun while also helping to support Sporcle. Thank you for becoming a member.

Show Comments

Extras

Top Quizzes Today


Score Distribution

Your Account Isn't Verified!

In order to create a playlist on Sporcle, you need to verify the email address you used during registration. Go to your Sporcle Settings to finish the process.

Report this User

Report this user for behavior that violates our Community Guidelines.

Details: